Poesía Argentina: 1940-1949

Saved in:
Bibliographic Details
Main Author: Martínez, David (autor)
Format: Book
Language:Spanish
Published: Buenos Aires s.n 1949
Series:Colección: El Ciervo en el Arroyo
Subjects:
Tags: Add Tag
No Tags, Be the first to tag this record!

MARC

LEADER 00000nam a2200000 a 4500
001 UCZ5823
003 CL-VaPUC
008 951124e19490000AG |||||||||||||||||spa|d
082 0 4 |a Ar861  |b MAR  |2 21 
100 |a Martínez, David  |e autor  |9 350009 
245 1 0 |a Poesía Argentina: 1940-1949 
300 |a 234 p 
942 |c BK 
945 |d 19951124 00:00:00  |a lriquelm 
260 |a Buenos Aires  |b s.n  |c 1949 
650 0 |a Poesía argentina  |9 265575 
650 0 |a Literatura argentina  |9 320596 
650 0 |a Antologías  |9 309836 
583 |a last modification  |c 20130411 10:33:11  |k Rodrigo Vera 
490 0 |a Colección: El Ciervo en el Arroyo 
999 |c 242111  |d 242109 
952 |0 0  |1 0  |4 0  |6 AR_861_000000000000000_MAR_1949  |7 0  |8 P  |9 254841  |a BIBEDU  |b BIBEDU  |c BIBEDU_PB  |d 2019-11-19  |i 1577573  |o Ar861 MAR 1949  |p 1577573  |r 2024-01-25  |w 2019-11-19  |y BK  |k FIL